000 00318nam a2200133Ia 4500
008 151213s9999 xx 000 0 und d
100 _aBerhand Beathy
245 _aDon than & other Poems
_cBerhand Beathy
300 _a2115 p.
650 _aEnglish
650 _aEnglish
700 _aBerhand Beathy
999 _c1560
_d1560